LEADER 00918nam0 2200289 450 001 9911013679703321 005 20250905101437.0 010 $a979-12-211-1098-2 100 $a20250714d2024---- 0kmyy ba ba 101 0 $aita 102 $aIT 105 $ay 001yy 200 1 $aPianificazione strategica e sostenibilità nella pubblica amministrazione$eun'integrazione possibile$fElisa Mori 210 $aTorino$cGiappichelli$d2024 215 $aXI, 181 p.$d24 cm 225 1 $aStrategia,management e controllo$v31 676 $a352.340945$v23$zita 700 1$aMori,$bElisa$01831681 801 0$aIT$bUNINA$gREICAT$2UNIMARC 901 $aBK 912 $a9911013679703321 952 $aAZEGI753A$b6203$fDECBC 952 $aVI D 365$b2025/1315$fFGBC 959 $aFGBC 959 $aDECBC 996 $aPianificazione strategica e sostenibilità nella pubblica amministrazione$94404454 997 $aUNINA